<?xml version="1.0" encoding="UTF-8"?>
<record
    xmlns:xsi="http://www.w3.org/2001/XMLSchema-instance"
    xsi:schemaLocation="http://www.loc.gov/MARC21/slim http://www.loc.gov/standards/marcxml/schema/MARC21slim.xsd"
    xmlns="http://www.loc.gov/MARC21/slim">

  <leader>00874caa a22002537a 4500</leader>
  <datafield tag="999" ind1=" " ind2=" ">
    <subfield code="c">410446</subfield>
    <subfield code="d">410446</subfield>
  </datafield>
  <controlfield tag="001"> 123510 </controlfield>
  <controlfield tag="003">UA-OsUOA</controlfield>
  <controlfield tag="005">20200224094528.0</controlfield>
  <controlfield tag="007">ta</controlfield>
  <controlfield tag="008">20170619b un ||||| |||| 00| 0 ukr d</controlfield>
  <datafield tag="040" ind1=" " ind2=" ">
    <subfield code="a">UA-OsUOA</subfield>
    <subfield code="b">ukr</subfield>
    <subfield code="c">UA-OsUOA</subfield>
    <subfield code="d">UA-OsUOA</subfield>
  </datafield>
  <datafield tag="041" ind1=" " ind2=" ">
    <subfield code="a">ukr</subfield>
  </datafield>
  <datafield tag="080" ind1=" " ind2=" ">
    <subfield code="a">908</subfield>
  </datafield>
  <datafield tag="090" ind1=" " ind2=" ">
    <subfield code="a">908</subfield>
    <subfield code="b">&#x41F;36</subfield>
  </datafield>
  <datafield tag="100" ind1=" " ind2=" ">
    <subfield code="a">&#x41F;&#x456;&#x434;&#x441;&#x442;&#x430;&#x432;&#x43A;&#x430; &#x420;.</subfield>
  </datafield>
  <datafield tag="245" ind1=" " ind2=" ">
    <subfield code="a">&#x412;&#x43E;&#x43B;&#x43E;&#x434;&#x456;&#x43D;&#x43D;&#x44F; &#x43A;&#x43D;&#x44F;&#x437;&#x456;&#x432; &#x41E;&#x441;&#x442;&#x440;&#x43E;&#x437;&#x44C;&#x43A;&#x438;&#x445;: &#x41A;&#x43E;&#x43B;&#x43E;&#x434;&#x43D;&#x43E;</subfield>
    <subfield code="c">&#x420;. &#x41F;&#x456;&#x434;&#x441;&#x442;&#x430;&#x432;&#x43A;&#x430;, &#x417;. &#x41C;&#x430;&#x437;&#x443;&#x440;&#x430;&#x43D;&#x447;&#x438;&#x43A; </subfield>
  </datafield>
  <datafield tag="300" ind1=" " ind2=" ">
    <subfield code="a">&#x421;. 33&#x2013;35</subfield>
  </datafield>
  <datafield tag="650" ind1=" " ind2="7">
    <subfield code="a">908 &#x41A;&#x440;&#x430;&#x454;&#x437;&#x43D;&#x430;&#x432;&#x441;&#x442;&#x432;&#x43E;</subfield>
    <subfield code="2">UDC</subfield>
  </datafield>
  <datafield tag="700" ind1=" " ind2=" ">
    <subfield code="a">&#x41C;&#x430;&#x437;&#x443;&#x440;&#x430;&#x43D;&#x447;&#x438;&#x43A; &#x417;.</subfield>
  </datafield>
  <datafield tag="773" ind1="0" ind2=" ">
    <subfield code="0">399319</subfield>
    <subfield code="9">416567</subfield>
    <subfield code="d">&#x41E;&#x441;&#x442;&#x440;&#x43E;&#x433; &#x41D;&#x430;&#x423;&#x41E;&#x410; 2015</subfield>
    <subfield code="o">148882</subfield>
    <subfield code="t">&#x41E;&#x441;&#x442;&#x440;&#x43E;&#x437;&#x44C;&#x43A;&#x438;&#x439; &#x43A;&#x440;&#x430;&#x454;&#x437;&#x43D;&#x430;&#x432;&#x447;&#x438;&#x439; &#x437;&#x431;&#x456;&#x440;&#x43D;&#x438;&#x43A;</subfield>
    <subfield code="w">(UA-OsUOA) 113462 </subfield>
  </datafield>
  <datafield tag="942" ind1=" " ind2=" ">
    <subfield code="c">BKA</subfield>
    <subfield code="2">udc</subfield>
  </datafield>
  <datafield tag="955" ind1=" " ind2=" ">
    <subfield code="a">1</subfield>
  </datafield>
</record>
